000 00478nam a2200157Ia 4500
008 100122s9999 xx 000 0 und d
082 _b63672
_a81
100 _aघाटे निरंजन
245 _aऑपरेशन सद्दाम
260 _bप्राजक्त
_c2003
300 _a80
630 _aऑपरेशन सद्दाम
700 _aगोळे धनंजय
730 _aऑपरेशन सद्दाम
942 _cBOOK
999 _c437594
_d437591